| 000 | 01137nam a22002774c 4500 | ||
|---|---|---|---|
| 003 | AR-BaSMT | ||
| 008 | 260407b aga|||br|||| 001 1 spa d | ||
| 020 | _a9789870410638 | ||
| 040 |
_aBSGB _bespañol _cBSGB _erda |
||
| 041 | 1 |
_aIng _hInglés |
|
| 080 | _a82-31MCD | ||
| 100 | 1 |
_aMcDonald, Megan _9455 |
|
| 245 | 1 | 0 |
_aStink : _bel niño menguante |
| 246 | 2 | 1 |
_aStink : _bthe incredible shrinking kid |
| 264 | 1 |
_aBuenos aires : _bAlfaguara , _c2008 |
|
| 300 |
_a104 páginas ; _bilustraciones blanco y negro |
||
| 336 |
_2rdacontent _atexto _btxt |
||
| 337 |
_2rdamedia _asin mediación _bn |
||
| 338 |
_2rdacarrier _avolumen _bnc |
||
| 490 | _v1 | ||
| 520 | _aBajo, bajito...¡bajísimo! Todas las mañanas, Judy mide a Stink y siempre, mide lo mismo: noventa y siete centímetros. ¡Hasta Newton, un tritón que es la mascota de su clase, está creciendo más rápido que él! Pero un día, sucede algo aún peor: ¡Stink mide medio centímetro menos! ¡No puede ser! ¿O sí? ¿Se estará encogiendo? | ||
| 650 | 7 |
_98 _aLITERATURA INFANTIL |
|
| 650 | 7 |
_934 _aNOVELA DE AVENTURAS |
|
| 942 |
_2ddc _aBOOK |
||
| 999 |
_c618 _d618 |
||